Statystyki dla Wszystkie utwory z albumu Sentino - ,,Smile"

Kliknij tutaj aby rozwiązać quiz!

Ogólne statystyki

  • Ten quiz został rozwiązany 4 razy
  • Średni wynik to 6 z 14

Statystyki odpowiedzi

Nr.Nazwa% Poprawnych
4Bombay
75%
10SMS
75%
6Blessuren
50%
13Blue
50%
1Broskis
50%
7Cartier
50%
2Cash Money
50%
9Paper Bag
50%
53 Tage Wach
25%
11Braunes Gift
25%
8Grayskull
25%
14Keine Poesie
25%
3NLP
25%
12#ontherocks
25%

Rozkład punktacji

Percentyl według liczby udzielonych odpowiedzi

Procent ludzi z każdym wynikiem

Twoja historia wyników

Nie rozwiązałeś tego quizu